<?xml version="1.0" encoding="UTF-8"?><?xml-stylesheet type="text/xsl" href="static/style.xsl"?><OAI-PMH xmlns="http://www.openarchives.org/OAI/2.0/" xmlns:xsi="http://www.w3.org/2001/XMLSchema-instance" xsi:schemaLocation="http://www.openarchives.org/OAI/2.0/ http://www.openarchives.org/OAI/2.0/OAI-PMH.xsd"><responseDate>2026-04-17T20:35:20Z</responseDate><request verb="GetRecord" identifier="oai:riubu.ubu.es:10259/10073" metadataPrefix="marc">https://riubu.ubu.es/oai/request</request><GetRecord><record><header><identifier>oai:riubu.ubu.es:10259/10073</identifier><datestamp>2025-01-30T01:05:48Z</datestamp><setSpec>com_10259_4809</setSpec><setSpec>com_10259_5086</setSpec><setSpec>com_10259_2604</setSpec><setSpec>col_10259_4810</setSpec></header><metadata><record xmlns="http://www.loc.gov/MARC21/slim" xmlns:doc="http://www.lyncode.com/xoai" xmlns:xsi="http://www.w3.org/2001/XMLSchema-instance" xmlns:dcterms="http://purl.org/dc/terms/" xsi:schemaLocation="http://www.loc.gov/MARC21/slim http://www.loc.gov/standards/marcxml/schema/MARC21slim.xsd">
<leader>00925njm 22002777a 4500</leader>
<datafield tag="042" ind1=" " ind2=" ">
<subfield code="a">dc</subfield>
</datafield>
<datafield tag="720" ind1=" " ind2=" ">
<subfield code="a">González Cabrera, Dorys Carmen</subfield>
<subfield code="e">author</subfield>
</datafield>
<datafield tag="720" ind1=" " ind2=" ">
<subfield code="a">Mena Alonso, Álvaro</subfield>
<subfield code="e">author</subfield>
</datafield>
<datafield tag="720" ind1=" " ind2=" ">
<subfield code="a">Mínguez Algarra, Jesús</subfield>
<subfield code="e">author</subfield>
</datafield>
<datafield tag="720" ind1=" " ind2=" ">
<subfield code="a">Vicente Cabrera, Miguel Ángel</subfield>
<subfield code="e">author</subfield>
</datafield>
<datafield tag="260" ind1=" " ind2=" ">
<subfield code="c">2021-12</subfield>
</datafield>
<datafield tag="520" ind1=" " ind2=" ">
<subfield code="a">In this work, the effects caused by both the amount of air-entraining agent (AEA) and freeze-thaw cycles on microstructure of high-strength concrete have been analyzed. For this purpose, five series of concrete specimens have been manufactured, each of them containing a different amount of AEA. Then, all series have been subjected to up to 300 freeze-thaw cycles. In addition, the specimens have been analyzed using a computed tomography (CT) scan device at pre-defined freeze-thaw cycles and all data have been processed with digital image processing (DIP) software.&#xd;
The results reveal, on the one hand, that the quantity of AEA has a greater influence on pore structure, and additionally the freeze-thaw action only slightly modifies the pore structure. As AEA increases, a progressive rise of the porosity and the number of pores is observed up to a maximum value. Next, a decrease is noticed. Moreover, there is not a linear relation between porosity and AEA. Furthermore, as AEA increases, a variation of its size and shape is observed. Alternatively, the effect of freeze-thaw cycles is more complex and does not show a monotonous tendency. The results reveal that the first 50 freeze-thaw cycles have the strongest influence on pore structure, observing a decrease in porosity. For the rest of the cycles, the porosity increases progressively resulting, after 300 freeze-thaw cycles, in a slightly lower porosity in almost all series than in those presented at the beginning. Hydration of unhydrated cement particles alongside with microcracking act as opposite performances during the freeze-thaw cycles. Therefore, this can suggest that, under these conditions, freeze-thaw action is not able to damage significantly the microstructure of concrete.&#xd;
The results show that the series with a lower AEA content show a better behavior under freeze-thaw cycles. In this case, the specimens exhibit a lower porosity and a higher level of small pores, and the pores evince a more elongated shape. All these features lead to a more impermeable concrete and, therefore, with a better performance under freeze-thaw cycles.</subfield>
</datafield>
<datafield tag="024" ind2=" " ind1="8">
<subfield code="a">0165-232X</subfield>
</datafield>
<datafield tag="024" ind2=" " ind1="8">
<subfield code="a">http://hdl.handle.net/10259/10073</subfield>
</datafield>
<datafield tag="024" ind2=" " ind1="8">
<subfield code="a">10.1016/j.coldregions.2021.103397</subfield>
</datafield>
<datafield ind1=" " ind2=" " tag="653">
<subfield code="a">Computed tomography</subfield>
</datafield>
<datafield ind1=" " ind2=" " tag="653">
<subfield code="a">Air-entraining agent</subfield>
</datafield>
<datafield ind1=" " ind2=" " tag="653">
<subfield code="a">Freeze-thaw cycles</subfield>
</datafield>
<datafield ind1=" " ind2=" " tag="653">
<subfield code="a">High-strength concrete</subfield>
</datafield>
<datafield ind1=" " ind2=" " tag="653">
<subfield code="a">Pore structure</subfield>
</datafield>
<datafield ind1=" " ind2=" " tag="653">
<subfield code="a">Pore distribution</subfield>
</datafield>
<datafield tag="245" ind1="0" ind2="0">
<subfield code="a">Influence of air-entraining agent and freeze-thaw action on pore structure in high-strength concrete by using CT-Scan technology</subfield>
</datafield>
</record></metadata></record></GetRecord></OAI-PMH>